000 00929nas a2200313 4500
001 BR2011001920
003 BR-BrBNA
005 20231205114921.0
007 ta
008 230509b bl.|||p| |||| 00| 00por d
040 _aBR-BrBNA
_bpor
_cBiblioteca Nacional de Agricultura
041 _a(Pt)
072 _aF50; F62
100 1 _aFagundes, L.K.
100 1 _aStreck, N.A.
100 1 _aRosa, H.T.
100 1 _aWalter, L.C.
100 1 _aZanon, A.J.
100 1 _aLopes, S.J.
245 1 _aDesenvolvimento, crescimento e produtividade de mandioca em diferentes datas de plantio em região subtropical
650 _aMANDIOCA
650 _aFENOLOGIA
650 _aCRESCIMENTO
650 _aÁREA FOLIAR
650 _aPRODUTIVIDADE
773 0 _tCiência Rural (Brazil)
_xISSN 0103-8478
_g(Dec 2010), v. 40(12) p. 2460-2466
_wBR2011001920
909 _a202311
_bLúcia
_c55
_dLúcia Elande
942 _2AGRIS
_n0
_cANA
999 _c211202
_d211202